Приложение: иллюстрации к статьям; Трансферные технологии в информатике

Dades bibliogràfiques
Parent link:Трансферные технологии в информатике.— 1999.— С. 111-118
Idioma:rus
Publicat: 1999
Format: MixedMaterials Capítol de llibre
KOHA link:https://koha.lib.tpu.ru/cgi-bin/koha/opac-detail.pl?biblionumber=203707

MARC

LEADER 00000naa2a2200000 4500
001 203707
005 20231031185703.0
035 |a (RuTPU)RU\TPU\book\221997 
035 |a RU\TPU\book\221995 
090 |a 203707 
100 |a 20111110d1999 k y0rusy50 ca 
101 0 |a rus 
102 |a RU 
200 1 |a Приложение  |e иллюстрации к статьям 
463 0 |0 (RuTPU)RU\TPU\book\12824  |t Трансферные технологии в информатике  |o научно-технический сборник  |h Вып. 1  |f Томский политехнический университет (ТПУ) ; В. К. Погребной  |v С. 111-118  |d 1999  |p 123 с. 
801 1 |a RU  |b 63413507  |c 20091103 
801 2 |a RU  |b 63413507  |c 20111110  |g RCR 
942 |c BK